Yo puedo aprender a estudiar solo

Bewaard in:
Bibliografische gegevens
Hoofdauteurs: Arancibia Clavel, Violeta (Auteur), Muñoz Balbontín, Alejandra (Auteur), Antonijevic Hahn, Nadja (Auteur), Arteaga Vial, Mariana (Auteur), Moure Cominetti, Antonella (Auteur)
Formaat: Boek
Taal:Spaans
Gepubliceerd in: Santiago Universidad Católica de Chile 2007
Editie:6a. ed
Reeks:Aprendizaje
Onderwerpen:
Tags: Voeg label toe
Geen labels, Wees de eerste die dit record labelt!

MARC

LEADER 00000nam a2200000 a 4500
001 UCG1306
003 CL-VaPUC
008 100429e20070000CL |||||||||||||||||spa|d
020 |a 9789561409057 
082 0 4 |a 370  |b ARA  |2 21 
100 0 |a Arancibia Clavel, Violeta  |e author  |9 549174 
700 0 |a Muñoz Balbontín, Alejandra  |e author  |9 549175 
700 0 |a Antonijevic Hahn, Nadja  |e author  |9 549176 
700 0 |a Arteaga Vial, Mariana  |e author  |9 549177 
700 0 |a Moure Cominetti, Antonella  |e author  |9 549178 
245 1 0 |a Yo puedo aprender a estudiar solo 
250 |a 6a. ed 
300 |a 410 p 
942 |c BK 
945 |d 20100429 00:00:00  |a cmena 
260 |a Santiago  |b Universidad Católica de Chile  |c 2007 
650 0 |a Aprendizaje   |9 254827 
650 0 |a Métodos de estudio  |9 260518 
650 0 |a Educación básica   |9 224933 
583 |a last modification  |c 20100429 00:00:00  |k Rodrigo Vera 
490 0 |a Aprendizaje 
999 |c 340710  |d 340708 
952 |0 0  |1 0  |4 0  |6 370_000000000000000_ARA_2007  |7 0  |8 C  |9 435683  |a BIBCUR  |b BIBCUR  |d 2019-11-22  |i 4670892  |o 370 ARA 2007  |p 4670892  |r 2025-04-22  |w 2019-11-22  |y BK  |k EXP